00922nam a2200217 i 450000100060000000300090000600500170001500700030003200800410003510000420007624500550011826000310017330000210020485200320022585200320025785200320028999900170032195201220033895201220046095201220058262816ES-MaACL20230906164732.0t|031126s1965 sp ||||1| spa d1 aFernández de Castro, Carlos.94963810aPaisaje y cantos / cCarlos Fernández de Castro. aMadrid : bAgora, c[1965] a64 p. ; c21 cm. aES-MaACLjC-29872 bR.60318 aES-MaACLjC-27817 bR.56650 aES-MaACLjC-29875 bR.60319 c62816d62816 00104070aATENEOMbATENEOMcDEPO2d2008-01-17eSCl0oC-29875p1065852r2023-02-23 00:00:00w2023-02-23yMONOGRAFIA 00104070aATENEOMbATENEOMcDEPO2d2008-01-17eSCl0oC-29872p1065850r2023-02-23 00:00:00w2023-02-23yMONOGRAFIA 00104070aATENEOMbATENEOMcDEPO2d2008-01-17eSCl0oC-27817p1065851r2023-02-23 00:00:00w2023-02-23yMONOGRAFIA